[Event "27th Summer Universiade 2013 Kazan,Russ"]
[Site "Kazan,Russia"]
[Date "2013.07.12"]
[Round "6.27"]
[White "Khulan, Enkhsaikhan"]
[Black "Botlhole, Kgalalelo"]
[Result "1-0"]
[WhiteElo "1866"]
[BlackElo "1767"]
[PlyCount "117"]
[EventDate "2013.07.09"]

1. c4 Nf6 2. g3 e6 3. Bg2 Be7 4. Nf3 O-O 5. O-O d5 6. d4 dxc4 7. Ne5 c5 8. dxc5
Bxc5 9. Nxc4 Qc7 10. Qc2 Nbd7 11. Bf4 e5 12. Be3 Bxe3 13. Nxe3 Qxc2 14. Nxc2
Rb8 15. Nc3 Nc5 16. b4 Ne6 17. Nb5 a6 18. Nd6 Rd8 19. Rfd1 Kf8 20. Nc4 Rxd1+
21. Rxd1 Bd7 22. Nxe5 Ba4 23. Rd2 Rc8 24. Ne3 Rc1+ 25. Nf1 Rc7 26. f4 g6 27.
Ne3 Rc1+ 28. Kf2 Rc7 29. Nd5 Nxd5 30. Bxd5 Re7 31. Nc4 Bb5 32. Nd6 Bc6 33. Bxc6
bxc6 34. Kf3 Rd7 35. e4 c5 36. bxc5 Nxc5 37. Nc4 Rxd2 38. Nxd2 Ke7 39. Nc4 f6
40. Ke3 Ke6 41. Kd4 Nb7 42. a4 f5 43. exf5+ Kxf5 44. Ne3+ Ke6 45. Nd5 Kf5 46.
h3 Ke6 47. Nc7+ Kf5 48. Nxa6 g5 49. fxg5 Kxg5 50. Nc5 Na5 51. Ne4+ Kf5 52. g4+
Kf4 53. Nf6 h6 54. Kc5 Kg3 55. Kb5 Nb7 56. Ne4+ Kxh3 57. Kb6 Nd8 58. a5 Kxg4
59. a6 1-0

[Event "27th Summer Universiade 2013 Kazan,Russ"]
[Site "Kazan,Russia"]
[Date "2013.07.12"]
[Round "6.29"]
[White "Leso, Gorata"]
[Black "Mominova, Leyla"]
[Result "0-1"]
[WhiteElo "1665"]
[BlackElo "1919"]
[PlyCount "68"]
[EventDate "2013.07.09"]

1. d4 Nf6 2. c4 g6 3. Nc3 Bg7 4. Nf3 O-O 5. e4 d6 6. Bd3 Nbd7 7. O-O e5 8. d5
a5 9. Be3 Ne8 10. Qc2 Nc5 11. Bxc5 dxc5 12. Rfe1 Bg4 13. Be2 Nd6 14. b3 Kh8 15.
Nd2 Qg5 16. Bxg4 Qxg4 17. h3 Qh5 18. Qd1 Qh6 19. Nf3 Rae8 20. Qd2 Qxd2 21. Nxd2
f5 22. exf5 gxf5 23. Rad1 Re7 24. Re2 b6 25. Rde1 e4 26. Nd1 Bd4 27. Kh2 Rg7
28. f3 Rfg8 29. fxe4 fxe4 30. g4 h5 31. gxh5 Bg1+ 32. Kh1 Rg3 33. Nf2 Bxf2 34.
Rxf2 e3 0-1

[Event "27th Summer Universiade 2013 Kazan,Russ"]
[Site "Kazan,Russia"]
[Date "2013.07.12"]
[Round "6.33"]
[White "Arbona Avila, Zaily M"]
[Black "Dolzhykova, Kateryna"]
[Result "0-1"]
[WhiteElo "1540"]
[BlackElo "2296"]
[PlyCount "74"]
[EventDate "2013.07.09"]

1. e4 c5 2. Nf3 d6 3. d4 cxd4 4. Nxd4 Nf6 5. Nc3 g6 6. Be3 Bg7 7. f3 Nc6 8. Be2
O-O 9. Qd2 d5 10. O-O Nxd4 11. Bxd4 dxe4 12. Rad1 exf3 13. Bxf3 Qa5 14. Qe2 Be6
15. a3 Rac8 16. Rfe1 Rfd8 17. Kh1 h5 18. Rd2 Bc4 19. Qf2 Qc7 20. Ne4 Nxe4 21.
Bxe4 Bxd4 22. Rxd4 Qb6 23. Rxd8+ Rxd8 24. Qxb6 axb6 25. Bxb7 Rd2 26. b3 Be6 27.
c4 Rb2 28. b4 Bxc4 29. h3 e6 30. Bf3 Rb3 31. Re4 Bd5 32. Rf4 Bxf3 33. Rxf3 Rxf3
34. gxf3 b5 35. Kg2 Kf8 36. Kf2 Ke7 37. Ke3 Kd6 0-1

[Event "27th Summer Universiade in Kazan (Women)"]
[Site "Kazan"]
[Date "2013.07.14"]
[Round "7.1"]
[White "Zhao, Xue"]
[Black "Bodnaruk, Anastasia"]
[Result "1-0"]
[WhiteElo "2553"]
[BlackElo "2440"]
[PlyCount "191"]
[EventDate "2013.??.??"]

1. d4 Nf6 2. c4 g6 3. Nc3 Bg7 4. g3 O-O 5. Bg2 d6 6. Nf3 Nc6 7. O-O a6 8. Re1
e5 9. d5 Ne7 10. e4 Ne8 11. b4 a5 12. bxa5 Rxa5 13. a4 c5 14. Nd2 f5 15. Nb3
Ra6 16. a5 f4 17. Na4 g5 18. Nb6 g4 19. Bd2 Ng6 20. Rb1 h5 21. Na1 Rf7 22. Nxc8
Qxc8 23. Rb3 Bh6 24. Nc2 Nf6 25. f3 Nh7 26. Rf1 Ng5 27. Ne1 Qd7 28. Nd3 fxg3
29. hxg3 gxf3 30. Bxg5 Bxg5 31. Rxf3 Rxa5 32. Rxf7 Qxf7 33. Qxh5 Be3+ 34. Kh2
Ra2 35. Rb6 Ra6 36. Rb1 Ra2 37. Kh1 Qh7 38. Qxh7+ Kxh7 39. Rxb7+ Kh6 40. Rb6
Ra1+ 41. Kh2 Rd1 42. Rb3 Bd4 43. Bh3 Rd2+ 44. Kh1 Kg5 45. Bg2 Ne7 46. Kh2 Rd1
47. Kh3 Ng8 48. Bf3 Rd2 49. Ne1 Bf2 50. Ng2 Nf6 51. Rb8 Rc2 52. Rb7 Bg1 53. Rb1
Bf2 54. Rf1 Nd7 55. Bd1 Rb2 56. Nh4 Nb6 57. Bb3 Bxg3 58. Rf5+ Kh6 59. Rf6+ Kh7
60. Kxg3 Rxb3+ 61. Kf2 Nxc4 62. Nf5 Rb2+ 63. Kf3 Nd2+ 64. Ke3 c4 65. Nxd6 c3
66. Kd3 Nb1 67. Nc4 c2 68. Rf1 Rb3+ 69. Kxc2 Rc3+ 70. Kxb1 Rxc4 71. Rd1 Rxe4
72. d6 Rb4+ 73. Kc2 Rb8 74. Kd3 Kg7 75. Ke4 Kf7 76. Kd5 Rh8 77. Rf1+ Ke8 78.
Kc6 Rh6 79. Ra1 e4 80. Ra8+ Kf7 81. Kd5 Rh1 82. d7 Rd1+ 83. Kc6 e3 84. Re8 Rc1+
85. Kb6 Rd1 86. Kc7 Rc1+ 87. Kd8 Rc3 88. Re7+ Kf8 89. Re4 Kf7 90. Rf4+ Ke6 91.
Ke8 Rd3 92. Rf3 e2 93. Rxd3 e1=Q 94. d8=Q Kf5+ 95. Kf8 Qb4+ 96. Qd6 1-0

[Event "27th Summer Universiade in Kazan (Women)"]
[Site "Kazan"]
[Date "2013.07.14"]
[Round "7.3"]
[White "Guramishvili, Sopiko"]
[Black "Bulmaga, Irina"]
[Result "1-0"]
[WhiteElo "2421"]
[BlackElo "2403"]
[PlyCount "117"]
[EventDate "2013.??.??"]

1. d4 Nf6 2. c4 e6 3. g3 c5 4. Nf3 cxd4 5. Nxd4 Bb4+ 6. Bd2 Bc5 7. Nb3 Be7 8.
Bg2 Nc6 9. O-O O-O 10. c5 b6 11. cxb6 axb6 12. e4 Ba6 13. Re1 d5 14. exd5 Nxd5
15. Nc3 Nxc3 16. Bxc3 Qxd1 17. Rexd1 Rac8 18. Rd7 Rfe8 19. Rc1 Bc4 20. Rb7 Bxb3
21. axb3 Bc5 22. Bxc6 Rxc6 23. Rd1 e5 24. b4 Bd4 25. Bxd4 Rd8 26. Rd2 exd4 27.
Rxd4 Re8 28. Rf4 f6 29. Rg4 g5 30. Rd4 f5 31. Rdd7 h6 32. b5 Rf6 33. Rdc7 f4
34. Rc6 f3 35. h3 Re1+ 36. Kh2 Rf7 37. Rxf7 Kxf7 38. g4 Re2 39. Kg3 Rxb2 40.
Rxb6 Rb3 41. Rxh6 Rxb5 42. Kxf3 Rb3+ 43. Kg2 Kg7 44. Rc6 Rb4 45. Kg3 Rb3+ 46.
f3 Rd3 47. Rc5 Kg6 48. Rf5 Rd1 49. h4 gxh4+ 50. Kxh4 Rh1+ 51. Kg3 Ra1 52. Rb5
Ra3 53. g5 Ra4 54. f4 Ra1 55. Rb6+ Kf5 56. Rf6+ Ke4 57. Kg4 Rg1+ 58. Kh5 Kf3
59. Kg6 1-0

[Event "27th Summer Universiade in Kazan (Women)"]
[Site "Kazan"]
[Date "2013.07.14"]
[Round "7.4"]
[White "Savina, Anastasia"]
[Black "Kashlinskaya, Alina"]
[Result "1/2-1/2"]
[WhiteElo "2368"]
[BlackElo "2334"]
[PlyCount "120"]
[EventDate "2013.??.??"]

1. d4 d5 2. c4 c6 3. Nc3 Nf6 4. e3 Bf5 5. cxd5 cxd5 6. Qb3 Nc6 7. Qxb7 Bd7 8.
a3 Rb8 9. Qa6 Rb6 10. Qd3 e5 11. Be2 Bd6 12. dxe5 Nxe5 13. Qd1 O-O 14. Nf3 Qc7
15. h3 Nxf3+ 16. Bxf3 Be5 17. O-O Rd8 18. Ne2 Ne4 19. Nf4 Bc6 20. Qc2 Ng5 21.
Be2 d4 22. h4 Ne6 23. a4 Qd7 24. Nxe6 Qxe6 25. a5 Rbb8 26. Bc4 Qf6 27. f4 d3
28. Bxd3 Bxb2 29. Rb1 Bxc1 30. Rbxc1 Bxg2 31. Bxh7+ Kh8 32. Qxg2 Kxh7 33. Rc5
Rb2 34. Rc2 Rb5 35. Qc6 Qxc6 36. Rxc6 Rxa5 37. Kg2 Rd3 38. Re1 Rd2+ 39. Kf3
Raa2 40. Ke4 Ra4+ 41. Kf3 Raa2 42. Ke4 Ra4+ 43. Kf5 Rh2 44. Kg4 Raa2 45. Rd1
Rag2+ 46. Kf5 a5 47. Rd8 Rxh4 48. Rcc8 Rh5+ 49. Ke4 Kg6 50. Ra8 Rb5 51. Rd6+ f6
52. Rda6 Ra2 53. Kf3 Ra3 54. R6a7 Rbb3 55. Re7 Kf5 56. Rae8 g5 57. fxg5 Kxg5
58. Rg8+ Kf5 59. Rf8 a4 60. Re4 Rc3 1/2-1/2

[Event "27th Summer Universiade in Kazan (Women)"]
[Site "Kazan"]
[Date "2013.07.14"]
[Round "7.5"]
[White "Davletbayeva, Madina"]
[Black "Tan, Zhongyi"]
[Result "0-1"]
[WhiteElo "2260"]
[BlackElo "2478"]
[PlyCount "82"]
[EventDate "2013.??.??"]

1. e4 d6 2. d4 Nf6 3. Nc3 g6 4. f4 Bg7 5. Nf3 O-O 6. Bd3 c5 7. d5 Na6 8. O-O
Rb8 9. Kh1 Nc7 10. a4 a6 11. a5 b5 12. axb6 Rxb6 13. Qe1 Nb5 14. Nxb5 axb5 15.
c3 Ra6 16. Rxa6 Bxa6 17. Qh4 c4 18. Bc2 b4 19. f5 bxc3 20. bxc3 Qa5 21. Bd2 Rb8
22. fxg6 hxg6 23. Nd4 Rb2 24. Nc6 Qc7 25. Nd4 Qa5 26. Nc6 Qc7 27. Nd4 Bc8 28.
h3 Bd7 29. Ra1 Rb7 30. Be3 Ra7 31. Rb1 Ra3 32. Nc6 Bxc6 33. dxc6 Ra8 34. Rb6
Ra1+ 35. Kh2 d5+ 36. g3 Ra2 37. Rb7 Rxc2+ 38. Kg1 Qxc6 39. Rb8+ Bf8 40. Bh6 Ne8
41. exd5 Qxd5 0-1

[Event "27th Summer Universiade in Kazan (Women)"]
[Site "Kazan"]
[Date "2013.07.14"]
[Round "7.6"]
[White "Munguntuul, Batkhuyag"]
[Black "Kulon, Klaudia"]
[Result "0-1"]
[WhiteElo "2452"]
[BlackElo "2258"]
[PlyCount "104"]
[EventDate "2013.??.??"]

1. e4 c5 2. Nc3 Nc6 3. g3 g6 4. Bg2 Bg7 5. d3 Rb8 6. Nge2 b5 7. a3 a5 8. Be3
Nd4 9. O-O e6 10. Qd2 Ne7 11. Nd1 h5 12. Nc1 d6 13. c3 Ndc6 14. h3 e5 15. h4
O-O 16. Ne2 Kh7 17. f4 f5 18. Nf2 a4 19. Rad1 Na5 20. Qe1 Qc7 21. d4 Nc4 22.
Bc1 Bb7 23. Nh3 Bh6 24. fxe5 dxe5 25. Bxh6 Kxh6 26. d5 Qd6 27. Ng5 Bc8 28. Rd3
Kg7 29. Qc1 Bd7 30. Rdf3 Ng8 31. exf5 Bxf5 32. Bh3 Qxd5 33. Bxf5 Rxf5 34. Rxf5
gxf5 35. Rxf5 Rd8 36. Rf1 Rd7 37. Qb1 Nf6 38. Qf5 Rd6 39. Nh3 Qd3 40. Qg5+ Qg6
41. Nf2 Rd2 42. Re1 Qxg5 43. hxg5 Ng4 44. Ne4 Rxb2 45. Nxc5 Kg6 46. Ne4 Kf5 47.
Nf2 Kxg5 48. Nd3 Rd2 49. Nec1 Rc2 50. Rf1 Nce3 51. Re1 Rg2+ 52. Kh1 e4 0-1

[Event "27th Summer Universiade in Kazan (Women)"]
[Site "Kazan"]
[Date "2013.07.14"]
[Round "7.7"]
[White "Girya, Olga"]
[Black "Kalinina, Olga"]
[Result "1/2-1/2"]
[WhiteElo "2437"]
[BlackElo "2292"]
[PlyCount "113"]
[EventDate "2013.??.??"]

1. d4 d6 2. Nf3 Bg4 3. e4 Nf6 4. h3 Bh5 5. Bd3 e6 6. c4 c6 7. Nc3 Be7 8. Be3
O-O 9. g4 Bg6 10. h4 d5 11. h5 Bxe4 12. g5 Ng4 13. Bxe4 dxe4 14. Nxe4 Nxe3 15.
fxe3 Qa5+ 16. Ke2 Nd7 17. Qb3 Qc7 18. g6 c5 19. gxh7+ Kh8 20. h6 g6 21. d5 exd5
22. cxd5 Qb6 23. d6 Qxb3 24. axb3 Bd8 25. Raf1 f6 26. Nh4 Ne5 27. Nxc5 Kxh7 28.
Nf3 Nf7 29. d7 Bb6 30. Ne6 Rg8 31. Nd2 Bd8 32. Ne4 f5 33. Nxd8 Rgxd8 34. Nf6+
Kh8 35. Rd1 a5 36. Rhg1 g5 37. Rd5 Ra6 38. Rxf5 Nxh6 39. Rff1 Nf7 40. e4 Kg7
41. e5 Kg6 42. Ne4 Re6 43. Rxf7 Kxf7 44. Nxg5+ Ke7 45. Nxe6 Kxe6 46. Rg7 Kxe5
47. Kd3 Kd6 48. Kc4 Rxd7 49. Rxd7+ Kxd7 50. Kb5 Kc7 51. Kxa5 Kb8 52. Kb6 Ka8
53. b4 Kb8 54. b5 Ka8 55. Kc7 Ka7 56. b6+ Ka8 57. Kc8 1/2-1/2

[Event "27th Summer Universiade in Kazan (Women)"]
[Site "Kazan"]
[Date "2013.07.14"]
[Round "7.8"]
[White "Shen, Yang"]
[Black "Hallaeva, Bahar"]
[Result "1-0"]
[WhiteElo "2405"]
[BlackElo "2150"]
[PlyCount "117"]
[EventDate "2013.??.??"]

1. d4 Nf6 2. c4 e6 3. Nc3 Bb4 4. Qc2 O-O 5. a3 Bxc3+ 6. Qxc3 b6 7. Bg5 Bb7 8.
f3 d5 9. e3 Nbd7 10. cxd5 exd5 11. Bd3 c5 12. Ne2 c4 13. Bf5 Bc6 14. O-O Re8
15. Nf4 Nf8 16. Nh5 Ne4 17. Bxd8 Nxc3 18. Bf6 g6 19. bxc3 gxh5 20. Kf2 Bd7 21.
Bc2 Re6 22. Bg5 Kg7 23. e4 Rg6 24. Bf4 Re8 25. exd5 f5 26. Rfe1 Kf7 27. Rxe8
Kxe8 28. Re1+ Kf7 29. Bb8 a6 30. Bc7 Rf6 31. d6 b5 32. Re7+ Kg8 33. d5 Rf7 34.
Ke3 Kg7 35. Kd4 Kf6 36. Bd8 Kg7 37. Kc5 Ng6 38. Kb6 Kf8 39. Kc7 Nxe7 40. dxe7+
Ke8 41. f4 Rg7 42. Bd1 Rxg2 43. Bxh5+ Rg6 44. Bxg6+ hxg6 45. Kd6 Bc8 46. h4 Bd7
47. Ba5 Bc8 48. Bb4 Bd7 49. Kc7 a5 50. Bxa5 Kxe7 51. Bb4+ Ke8 52. Bc5 b4 53.
axb4 Ba4 54. Kd6 Kf7 55. Bd4 Ke8 56. Kc5 Bb3 57. Kc6 Ba4+ 58. b5 Kd8 59. d6 1-0

[Event "27th Summer Universiade 2013 Kazan,Russ"]
[Site "Kazan,Russia"]
[Date "2013.07.14"]
[Round "7.9"]
[White "Kulovana, Eva"]
[Black "Batchimeg, Tuvshintugs"]
[Result "0-1"]
[WhiteElo "2272"]
[BlackElo "2351"]
[PlyCount "76"]
[EventDate "2013.07.09"]

1. e4 e5 2. Nf3 Nc6 3. Bb5 a6 4. Ba4 Nf6 5. O-O Be7 6. Bxc6 dxc6 7. d3 Nd7 8.
Nbd2 f6 9. Nc4 Nc5 10. Nh4 Be6 11. b3 Qd7 12. a4 a5 13. Bb2 O-O 14. g3 Bg4 15.
f3 Bh3 16. Ng2 Ne6 17. f4 Bc5+ 18. Kh1 b5 19. Nd2 Nd4 20. f5 b4 21. Nc4 g6 22.
g4 gxf5 23. gxf5 Qg7 24. Nce3 Kh8 25. Rg1 Qg5 26. Bc1 Rg8 27. Bd2 Rg7 28. Be1
Rag8 29. Bf2 Qh6 30. Rc1 Rg5 31. c3 Nxb3 32. Rb1 Bxg2+ 33. Rxg2 Rxg2 34. Nxg2
Bxf2 35. Rxb3 Qh3 36. Qf1 Qf3 37. Rb1 bxc3 38. Re1 Rxg2 0-1

[Event "27th Summer Universiade 2013 Kazan,Russ"]
[Site "Kazan,Russia"]
[Date "2013.07.14"]
[Round "7.10"]
[White "Chirivi C, Jenny Astrid"]
[Black "Arabidze, Meri"]
[Result "0-1"]
[WhiteElo "2205"]
[BlackElo "2320"]
[PlyCount "122"]
[EventDate "2013.07.09"]

1. d4 f5 2. c4 Nf6 3. g3 e6 4. Bg2 c6 5. Nh3 d5 6. Nd2 Bd6 7. b3 O-O 8. O-O Qe7
9. Nf3 b6 10. Nf4 Ne4 11. Nd3 a5 12. Nfe5 Bb7 13. f3 Nf6 14. Bb2 Na6 15. Kh1 c5
16. Rc1 Nb4 17. dxc5 bxc5 18. a3 Nxd3 19. exd3 a4 20. Re1 axb3 21. Qxb3 d4 22.
Qc2 Ra6 23. Rb1 Qc7 24. f4 Bxe5 25. fxe5 Ng4 26. Bc1 Rb8 27. Rxb7 Rxb7 28. Bxb7
Qxb7+ 29. Kg1 Rb6 30. a4 Rb3 31. a5 Ne3 32. Bxe3 dxe3 33. a6 Qb4 34. Ra1 Ra3
35. Rxa3 Qxa3 36. Qe2 Qxa6 37. Qxe3 Qa1+ 38. Kg2 Qb2+ 39. Kh3 h6 40. Qxc5 Qe2
41. Qe7 Qf1+ 42. Kh4 Qf3 43. Kh3 Kh7 44. c5 Qf1+ 45. Kh4 Qxd3 46. Kh3 Qf1+ 47.
Kh4 Qg2 48. h3 Qe4+ 49. Kh5 Qxe5 50. Kh4 Qe4+ 51. Kh5 Qe2+ 52. Kh4 Qe5 53. c6
Qe4+ 54. Kh5 Qf3+ 55. Kh4 Qxc6 56. Qf7 Qe4+ 57. Kh5 Qf3+ 58. Kh4 Qe3 59. Qe7
Qe5 60. g4 Qe1+ 61. Kh5 Qg3 0-1

[Event "27th Summer Universiade 2013 Kazan,Russ"]
[Site "Kazan,Russia"]
[Date "2013.07.14"]
[Round "7.11"]
[White "Stojanovic, Andjelija"]
[Black "Martinez, Ayelen"]
[Result "1-0"]
[WhiteElo "2302"]
[BlackElo "2103"]
[PlyCount "65"]
[EventDate "2013.07.09"]

1. e4 c5 2. Ne2 e6 3. d4 cxd4 4. Nxd4 a6 5. c4 Qc7 6. Be2 Nf6 7. Nc3 Bb4 8. O-O
O-O 9. Bg5 Bxc3 10. Bxf6 Bb4 11. Bh4 d6 12. Bg3 e5 13. Nf5 Nc6 14. a3 Bc5 15.
b4 Bd4 16. Nxd4 Nxd4 17. Bd3 Be6 18. Rc1 a5 19. f4 axb4 20. f5 Bd7 21. axb4 f6
22. Bf2 Ba4 23. Qe1 Nc6 24. b5 Nb8 25. c5 Nd7 26. cxd6 Qxd6 27. Qc3 Kh8 28. Be2
Rfd8 29. Qc7 Qb4 30. Qxb7 Rab8 31. Qc7 Qxe4 32. Rc4 Qa8 33. Bf3 1-0

[Event "27th Summer Universiade 2013 Kazan,Russ"]
[Site "Kazan,Russia"]
[Date "2013.07.14"]
[Round "7.12"]
[White "Vo, Thi Kim Phung"]
[Black "Mammadyarova, Turkan"]
[Result "0-1"]
[WhiteElo "2199"]
[BlackElo "2267"]
[PlyCount "75"]
[EventDate "2013.07.09"]

1. d4 d5 2. Bf4 Nf6 3. e3 e6 4. Nf3 Bd6 5. Ne5 O-O 6. Nd2 c5 7. c3 Qc7 8. Bd3
Nc6 9. Ndf3 h6 10. h3 Nd7 11. Nxc6 bxc6 12. Bxd6 Qxd6 13. O-O e5 14. e4 Rb8 15.
b3 dxe4 16. Bxe4 f5 17. Bd3 cxd4 18. Bc4+ Kh8 19. cxd4 e4 20. Ne1 f4 21. f3 e3
22. Nc2 Nf6 23. Rc1 Nh5 24. Kh2 Rf5 25. Bd3 Rg5 26. Qe1 Ng3 27. Rg1 Bd7 28. Qc3
Rh5 29. Rh1 Qe6 30. Kg1 Nxh1 31. Kxh1 Rxh3+ 32. Kg1 Rg3 33. Ne1 Rg5 34. Kf1 e2+
35. Bxe2 Rh5 36. Bc4 Rh1+ 37. Kf2 Qe7 38. Qa5 0-1

[Event "27th Summer Universiade 2013 Kazan,Russ"]
[Site "Kazan,Russia"]
[Date "2013.07.14"]
[Round "7.13"]
[White "Garcia Morales, Ivette Ale"]
[Black "Umudova, Nargiz"]
[Result "0-1"]
[WhiteElo "2072"]
[BlackElo "2253"]
[PlyCount "88"]
[EventDate "2013.07.09"]

1. d4 Nf6 2. g3 c5 3. Nf3 cxd4 4. Nxd4 e5 5. Nb3 d5 6. Bg2 h6 7. O-O Be7 8. c4
d4 9. e3 d3 10. Nc3 Bg4 11. Bf3 Bxf3 12. Qxf3 a5 13. a4 O-O 14. Rd1 Qb6 15. Nd2
Na6 16. Qf5 Nb4 17. Nde4 Rfe8 18. Nxf6+ Bxf6 19. e4 Bg5 20. Bxg5 hxg5 21. Qxg5
Rac8 22. b3 Re6 23. Nd5 Nxd5 24. exd5 Rf6 25. Qe3 e4 26. Qxb6 Rxb6 27. Rab1 f5
28. h4 Kf7 29. Kf1 Kf6 30. Ke1 Ke5 31. Kd2 Kd4 32. Re1 Rg6 33. Rg1 Rh6 34. Rbe1
Rb6 35. Rb1 Rc7 36. Rgc1 Rc8 37. Rg1 Rh6 38. Rge1 b6 39. Re3 Rg6 40. Rbe1 Rg4
41. Rc1 Rg6 42. Ke1 Rh8 43. Kd2 f4 44. gxf4 Rg2 0-1

[Event "27th Summer Universiade 2013 Kazan,Russ"]
[Site "Kazan,Russia"]
[Date "2013.07.14"]
[Round "7.14"]
[White "Mader, Manuela"]
[Black "Siradze, Salome"]
[Result "1-0"]
[WhiteElo "2212"]
[BlackElo "2069"]
[PlyCount "101"]
[EventDate "2013.07.09"]

1. d4 Nf6 2. c4 g6 3. Nc3 Bg7 4. e4 d6 5. Nf3 O-O 6. Be2 Nbd7 7. O-O e5 8. Re1
exd4 9. Nxd4 Re8 10. Bf1 c6 11. Nb3 Qc7 12. f3 b6 13. Be3 Bb7 14. Qd2 Rad8 15.
Rac1 Qb8 16. Bg5 Nf8 17. Nd4 Ne6 18. Nxe6 Rxe6 19. Rcd1 Ree8 20. Qf4 Nh5 21.
Qh4 f6 22. Be3 Bf8 23. g4 Ng7 24. c5 bxc5 25. Bc4+ d5 26. exd5 cxd5 27. Bxd5+
Bxd5 28. Nxd5 Rxd5 29. Rxd5 Qb7 30. Rd2 c4 31. Bd4 Rxe1+ 32. Qxe1 Qxf3 33. Qe2
Qc6 34. Rc2 Ne6 35. Bf2 Kh8 36. Rxc4 Qd5 37. Qe4 Qd7 38. h4 Bd6 39. Qc6 Qe7 40.
Re4 Be5 41. Be3 Qd8 42. Kf2 Qd1 43. Rxe5 fxe5 44. Qxe6 Qc2+ 45. Kg3 Qxb2 46.
Qe8+ Kg7 47. Bh6+ Kf6 48. Bg5+ Kg7 49. Qd7+ Kg8 50. Qe6+ Kg7 51. Bf6+ 1-0

[Event "27th Summer Universiade 2013 Kazan,Russ"]
[Site "Kazan,Russia"]
[Date "2013.07.14"]
[Round "7.15"]
[White "De Seroux, Camille"]
[Black "Kazimova, Narmin"]
[Result "0-1"]
[WhiteElo "2118"]
[BlackElo "2208"]
[PlyCount "80"]
[EventDate "2013.07.09"]

1. e4 c5 2. Nf3 d6 3. d4 cxd4 4. Nxd4 Nf6 5. Nc3 a6 6. Bc4 e6 7. a4 Be7 8. O-O
O-O 9. Be3 Nxe4 10. Nxe4 d5 11. Bd3 dxe4 12. Bxe4 f5 13. Bd3 Qc7 14. f4 Rd8 15.
Qe2 Bf6 16. c3 Nc6 17. Nxc6 Qxc6 18. a5 Bd7 19. Bc4 Kh8 20. Rfd1 Re8 21. Bb3
Qc8 22. Rd2 e5 23. fxe5 Bxe5 24. Rad1 Bb5 25. Qf2 Qc7 26. g3 Bc6 27. Bb6 Qe7
28. Qxf5 Rf8 29. Qh3 Bc7 30. Bd4 Qe4 31. Bd5 Bxd5 32. Bxg7+ Kxg7 33. Rxd5 Kh8
34. Qh6 Rae8 35. Rd7 Be5 36. Qb6 Bg7 37. Qxb7 Qe3+ 38. Kh1 Qe2 39. Qg2 Rf2 40.
Re7 Qxd1+ 0-1

[Event "27th Summer Universiade 2013 Kazan,Russ"]
[Site "Kazan,Russia"]
[Date "2013.07.14"]
[Round "7.16"]
[White "Soloviova, Lisa"]
[Black "Przezdziecka, Marta"]
[Result "1-0"]
[WhiteElo "2296"]
[BlackElo "2297"]
[PlyCount "101"]
[EventDate "2013.07.09"]

1. Nf3 d6 2. d4 Nf6 3. c4 Nbd7 4. Nc3 e5 5. e3 Be7 6. Be2 O-O 7. O-O c6 8. b3
Re8 9. Qc2 a6 10. a4 Bf8 11. Ba3 e4 12. Nd2 Qe7 13. b4 g6 14. b5 Bg7 15. bxc6
bxc6 16. a5 c5 17. Nb3 cxd4 18. Nxd4 Nc5 19. Rfd1 Bb7 20. Rab1 Rab8 21. Rb6
Nfd7 22. Nc6 Bxc6 23. Rxc6 Be5 24. Nd5 Qg5 25. Nb6 Nf6 26. g3 Nb7 27. Qa4 h5
28. c5 dxc5 29. Nc4 Bc3 30. Rxa6 h4 31. Rb6 hxg3 32. hxg3 Nxa5 33. Rxb8 Rxb8
34. Nxa5 Ra8 35. Qb3 Bxa5 36. Bb2 Rd8 37. Rxd8+ Bxd8 38. Bc4 Qg4 39. Bxf7+ Kg7
40. Be6 Qe2 41. Be5 Kh6 42. Bxf6 Bxf6 43. Qd5 c4 44. Qxe4 c3 45. Qf4+ Kg7 46.
Qc7+ Kh6 47. Bg8 Qd1+ 48. Kg2 Bg7 49. Qf4+ g5 50. Qf5 g4 51. Qh7+ 1-0

[Event "27th Summer Universiade 2013 Kazan,Russ"]
[Site "Kazan,Russia"]
[Date "2013.07.14"]
[Round "7.17"]
[White "Nakhbayeva, Guliskhan"]
[Black "Khalafova, Narmin"]
[Result "0-1"]
[WhiteElo "2354"]
[BlackElo "2107"]
[PlyCount "86"]
[EventDate "2013.07.09"]

1. d4 d5 2. c4 c6 3. Nc3 Nf6 4. e3 e6 5. Nf3 Nbd7 6. Bd3 dxc4 7. Bxc4 b5 8. Bb3
b4 9. Ne2 Bb7 10. O-O Bd6 11. Ng3 c5 12. d5 exd5 13. Nf5 Qc7 14. Nxg7+ Kd8 15.
Ng5 Kc8 16. Nf5 Bxh2+ 17. Kh1 Ne5 18. f4 Neg4 19. Nxf7 Qd7 20. Bc2 Kc7 21. Nxh8
Rxh8 22. Qf3 Rf8 23. Nh6 Nxh6 24. Kxh2 d4 25. e4 c4 26. f5 Nhg4+ 27. Kh1 d3 28.
Bf4+ Kb6 29. Bd1 Bxe4 30. Qh3 Ka6 31. Bf3 Bxf5 32. Qh4 Ne4 33. a3 b3 34. Rac1
Qd4 35. g3 d2 36. Ra1 Nef2+ 37. Kg2 Be4 38. Bxe4 Qxe4+ 39. Kg1 c3 40. Rxf2 Qd4
41. Raf1 d1=Q 42. Rxd1 Qxf2+ 43. Kh1 Qf3+ 0-1

[Event "27th Summer Universiade 2013 Kazan,Russ"]
[Site "Kazan,Russia"]
[Date "2013.07.14"]
[Round "7.18"]
[White "Dudas, Eszter"]
[Black "Ton, Nu Hong An"]
[Result "0-1"]
[WhiteElo "2266"]
[BlackElo "1995"]
[PlyCount "82"]
[EventDate "2013.07.09"]

1. e4 e5 2. Nf3 Nc6 3. Bb5 a6 4. Ba4 Nf6 5. d3 b5 6. Bb3 Be7 7. O-O O-O 8. a4
b4 9. Re1 d6 10. h3 Na5 11. Ba2 c5 12. Nbd2 Bd7 13. c3 Rb8 14. d4 Qc7 15. dxe5
dxe5 16. Bc4 Qd6 17. Qe2 Bc8 18. cxb4 Rxb4 19. b3 Nh5 20. Bb2 Nf4 21. Qf1 Nc6
22. Ba3 Rb6 23. Kh2 Qh6 24. Bc1 g5 25. Nb1 Nd4 26. Nxd4 cxd4 27. Bxf4 gxf4 28.
Qd3 Rg6 29. Nd2 Bb4 30. Rg1 Bxd2 31. Qxd2 Rg3 32. Bf1 Kh8 33. Qa5 Rg5 34. Be2
Qh4 35. Raf1 f3 36. Bxf3 Qf4+ 37. Kh1 Bxh3 38. gxh3 Qxf3+ 39. Kh2 Qf4+ 40. Kh1
Rfg8 41. Rxg5 Qxg5 0-1

[Event "27th Summer Universiade 2013 Kazan,Russ"]
[Site "Kazan,Russia"]
[Date "2013.07.14"]
[Round "7.19"]
[White "Yalkanova, Merjen"]
[Black "Sgircea, Silvia-Raluca"]
[Result "1/2-1/2"]
[WhiteElo "1966"]
[BlackElo "2261"]
[PlyCount "75"]
[EventDate "2013.07.09"]

1. d4 d5 2. Nf3 Nf6 3. e3 g6 4. Bd3 Bg7 5. b3 O-O 6. Bb2 c5 7. O-O b6 8. Nbd2
Nc6 9. a3 Bb7 10. dxc5 bxc5 11. c4 d4 12. exd4 cxd4 13. b4 Nh5 14. Re1 Nf4 15.
Nb3 Qc7 16. Nc5 Rad8 17. Nxb7 Qxb7 18. Be4 Qc7 19. g3 Nh5 20. Bxc6 Qxc6 21.
Rxe7 Qxc4 22. Rxa7 d3 23. Rc1 Qd5 24. Ra5 Qd6 25. Be5 Bxe5 26. Rxe5 Nf6 27. Rc3
Rfe8 28. Rxe8+ Nxe8 29. b5 Nf6 30. Rc6 Qe7 31. b6 Ne4 32. Rc7 Qf6 33. b7 Nxf2
34. Qf1 Qxf3 35. Rc8 Nh3+ 36. Qxh3 Qe3+ 37. Kf1 Qe2+ 38. Kg1 1/2-1/2

[Event "27th Summer Universiade 2013 Kazan,Russ"]
[Site "Kazan,Russia"]
[Date "2013.07.14"]
[Round "7.20"]
[White "Djukic, Sandra"]
[Black "Khulan, Enkhsaikhan"]
[Result "1-0"]
[WhiteElo "2197"]
[BlackElo "1866"]
[PlyCount "61"]
[EventDate "2013.07.09"]

1. c4 c6 2. d4 d5 3. e3 Nf6 4. Nc3 e6 5. Nf3 Bd6 6. Be2 O-O 7. O-O Nbd7 8. b3
dxc4 9. bxc4 e5 10. Bb2 exd4 11. exd4 Re8 12. Qc2 Nf8 13. Rad1 a6 14. Ne5 Qc7
15. f4 c5 16. d5 Bxe5 17. fxe5 Qxe5 18. d6 Bg4 19. Rf2 Qh5 20. Rxf6 gxf6 21.
Nd5 Nd7 22. Bxg4 Qxg4 23. Ne7+ Kh8 24. Re1 Qf4 25. Qd3 Ne5 26. Qd5 Ng4 27. Qf3
Qxh2+ 28. Kf1 Qxd6 29. Qxg4 Rxe7 30. Rxe7 Qxe7 31. Qg5 1-0

[Event "27th Summer Universiade 2013 Kazan,Russ"]
[Site "Kazan,Russia"]
[Date "2013.07.14"]
[Round "7.21"]
[White "Dewi, Aa Citra"]
[Black "Jelsen, Yemi"]
[Result "1/2-1/2"]
[WhiteElo "2138"]
[BlackElo "2009"]
[PlyCount "61"]
[EventDate "2013.07.09"]

1. Nf3 Nf6 2. g3 g6 3. Bg2 Bg7 4. O-O O-O 5. d4 d5 6. Ne5 b6 7. Nd2 Bb7 8. c3
Nbd7 9. Nxd7 Qxd7 10. Nf3 Ne4 11. Bf4 c5 12. dxc5 bxc5 13. Nd2 Nxd2 14. Qxd2 d4
15. Bxb7 Qxb7 16. cxd4 cxd4 17. Rab1 Rfd8 18. Rfd1 e5 19. Bh6 Bh8 20. Bg5 Rd7
21. b4 Rc8 22. Rdc1 Rxc1+ 23. Rxc1 Rc7 24. Rxc7 Qxc7 25. Qc1 Qxc1+ 26. Bxc1 Kf8
27. Kf1 Ke7 28. Ke1 Ke6 29. e4 Kd6 30. Ke2 Kc6 31. a4 1/2-1/2

[Event "27th Summer Universiade 2013 Kazan,Russ"]
[Site "Kazan,Russia"]
[Date "2013.07.14"]
[Round "7.22"]
[White "Vasile, Teodora"]
[Black "Motycakova, Monika"]
[Result "1/2-1/2"]
[WhiteElo "1938"]
[BlackElo "2135"]
[PlyCount "44"]
[EventDate "2013.07.09"]

1. e4 e5 2. Nf3 Nc6 3. Bb5 a6 4. Ba4 Nf6 5. O-O Be7 6. Re1 b5 7. Bb3 d6 8. c3
O-O 9. h3 Nb8 10. d3 h6 11. Nbd2 Re8 12. Nf1 Bf8 13. Ng3 Be6 14. Bc2 Nbd7 15.
d4 c6 16. Nh2 d5 17. f4 exf4 18. Bxf4 dxe4 19. Nxe4 Bd5 20. Nxf6+ Nxf6 21. Rxe8
Qxe8 22. Ng4 Nxg4 1/2-1/2